000 00318nam a2200109Ia 4500
008 171211s9999 xx 000 0 und d
245 4 _aThe Embattled but Empowered Community
245 _cWilma Wells Davies
260 _c2010
650 _xFamily and Friendship
856 _uhttp://down.ebook777.com/065/9004178309.pdf
999 _c350263
_d350263